Normal view
MARC view
Entry Personal Name
001 - CONTROL NUMBER
- control field: 45519
003 - CONTROL NUMBER IDENTIFIER
- control field: ARRUPE
005 - DATE AND TIME OF LATEST TRANSACTION
- control field: 20190328151121.0
008 - FIXED-LENGTH DATA ELEMENTS
- fixed length control field: 190328|| aca||aabn | a|a d
040 ## - CATALOGING SOURCE
- Original cataloging agency: ARRUPE
- Transcribing agency: ARRUPE
100 ## - HEADING--PERSONAL NAME
- Personal name: Moshman, David (ed.)
670 ## - SOURCE DATA FOUND
- Source citation: Work cat.: (ARRUPE)129264: Moshman, David (ed.), Children's intellectual rights , 1986